000
00274nam a2200109Ia 4500
008
230907s9999||||xx |||||||||||||| ||und||
082
_a
697.93
_b
BRA
245
0
_a
Fundamentals of psychrometrics /
260
_a
ASHRAE,
_b
Atlanta, GA :
_c
2016
300
_a
136 p.
942
_c
BK
999
_c
599511
_d
599511